Algebra y trigonometría con geometría analítica
Enregistré dans:
| Auteurs principaux: | , |
|---|---|
| Format: | Livre |
| Langue: | espagnol |
| Publié: |
Ciudad de México
Prentice Hall Hispanoamericana
1996
|
| Sujets: | |
| Tags: |
Ajouter un tag
Pas de tags, Soyez le premier à ajouter un tag!
|
MARC
| LEADER | 00000nam a2200000 a 4500 | ||
|---|---|---|---|
| 001 | UCN3468 | ||
| 003 | CL-VaPUC | ||
| 008 | 010629e19960000MX |||||||||||||||||spa|d | ||
| 082 | 0 | 4 | |a 512 |b GOO |2 21 |
| 100 | 0 | |a Goodman, Arthur |e author |9 459986 | |
| 700 | 0 | |a Hirsch, Lewis |e author |9 459987 | |
| 245 | 1 | 0 | |a Algebra y trigonometría con geometría analítica |
| 300 | |a 642 p | ||
| 942 | |c BK | ||
| 945 | |d 20010629 00:00:00 |a vberengu | ||
| 260 | |a Ciudad de México |b Prentice Hall Hispanoamericana |c 1996 | ||
| 650 | 0 | |a Álgebra |9 259567 | |
| 650 | 0 | |a Funciones (Matemáticas) |9 338128 | |
| 650 | 0 | |a Geometría analítica |9 260062 | |
| 650 | 7 | |a TRIGINOMETRIA |2 CL-VaPUC |9 448986 | |
| 650 | 0 | |a Funciones polinomiales |9 428820 | |
| 650 | 7 | |a FUNCIONES RACIONALES |2 CL-VaPUC |9 425595 | |
| 650 | 7 | |a FUNCIONES RADICALES |2 CL-VaPUC |9 459988 | |
| 650 | 0 | |a Funciones exponenciales |9 360716 | |
| 650 | 0 | |a Funciones logarítmicas |9 358858 | |
| 650 | 0 | |a Funciones trigonométricas |9 421678 | |
| 583 | |a last modification |c 20010629 00:00:00 |k Rodrigo Vera | ||
| 999 | |c 296327 |d 296325 | ||
| 952 | |0 0 |1 0 |4 0 |6 512_000000000000000_GOO_1996 |7 0 |8 A |9 350013 |a BIBMAT |b BIBMAT |d 2019-11-20 |i 3737802 |o 512 GOO 1996 |p 3737802 |r 2025-01-07 |w 2019-11-20 |y BK |k MAT | ||